| 000 | 00801 a2200301 4500 | ||
|---|---|---|---|
| 260 | _aParis | ||
| 260 | _aLondres | ||
| 260 | _aNew York | ||
| 100 | _aARRIGNON, Jacques | ||
| 260 | _bTechnique et documentation-Lavoisier | ||
| 245 | _aAménagement piscicole des eaux douces | ||
| 300 | _aXXIV-303 p. | ||
| 650 | _a<eau douce> | ||
| 650 | _a<Ecosystème aquatique> | ||
| 650 | _a<Elevage piscicole> | ||
| 650 | _a<Poisson> | ||
| 260 | _c1998 | ||
| 300 | _bill., (Couv. ill. en coul.) fig.; 25 cm | ||
| 130 | _lFr. | ||
| 035 | _a14395 | ||
| 250 | _a5e éd. entièrement rev | ||
| 020 | _a2-7430-0241-7 | ||
| 999 |
_c13919 _d13919 |
||